| 000 -LEADER |
| fixed length control field |
00484nam a22001937a 4500 |
| 003 - CONTROL NUMBER IDENTIFIER |
| control field |
OSt |
| 005 - DATE AND TIME OF LATEST TRANSACTION |
| control field |
20241220120016.0 |
| 008 - FIXED-LENGTH DATA ELEMENTS--GENERAL INFORMATION |
| fixed length control field |
241220b ||||| |||| 00| 0 eng d |
| 020 ## - INTERNATIONAL STANDARD BOOK NUMBER |
| International Standard Book Number |
9788184060102 |
| 040 ## - CATALOGING SOURCE |
| Transcribing agency |
KWIU |
| 041 ## - LANGUAGE CODE |
| Language code of text/sound track or separate title |
eng |
| 100 ## - MAIN ENTRY--PERSONAL NAME |
| 9 (RLIN) |
1440 |
| Personal name |
Sathe,P. |
| 245 ## - TITLE STATEMENT |
| Title |
Epidemiology And Management For Health Care For All |
| 260 ## - PUBLICATION, DISTRIBUTION, ETC. |
| Name of publisher, distributor, etc. |
Vora medical publications |
| Date of publication, distribution, etc. |
2023 |
| 300 ## - PHYSICAL DESCRIPTION |
| Extent |
468 pages |
| 650 #0 - SUBJECT ADDED ENTRY--TOPICAL TERM |
| 9 (RLIN) |
57 |
| Topical term or geographic name entry element |
EPIDEMIOLOGY |
| 700 ## - ADDED ENTRY--PERSONAL NAME |
| 9 (RLIN) |
1441 |
| Personal name |
Doke, P. |
| 942 ## - ADDED ENTRY ELEMENTS (KOHA) |
| Source of classification or shelving scheme |
|
| Koha item type |
Books |